[Event "Rome City op 5th"]
[Site "Rome"]
[Date "2023.12.07"]
[Round "6"]
[White "Godena, Michele"]
[Black "Pacilli, Emanuele"]
[Result "1-0"]
[WhiteElo "2445"]
[BlackElo "2097"]
[PlyCount "69"]
[EventDate "2023.12.04"]
[EventType "swiss"]
[EventRounds "9"]
[EventCountry "ITA"]
[SourceTitle "CB50_2023"]
[SourceDate "2023.12.13"]
[SourceVersion "1"]
[SourceVersionDate "2023.12.13"]
[SourceQuality "1"]

1. e4 e5 2. Nf3 Nc6 3. Bc4 Nf6 4. d3 Be7 5. 0-0 d6 6. a4 0-0 7. Re1 h6 8. a5 a6 9. c3 b5 10. axb6 cxb6 11. Nbd2 Ra7 12. Nf1 b5 13. Bb3 Re8 14. Be3 Ra8 15. d4 Bf8 16. Ng3 Bb7 17. d5 Na5 18. Ba2 Rc8 19. Nd2 g6 20. Ngf1 Bg7 21. b4 Nc4 22. Nxc4 bxc4 23. Nd2 Nxe4 24. Nxe4 f5 25. Nd2 f4 26. Bxc4 fxe3 27. Rxe3 e4 28. Qc2 Rc7 29. Nxe4 Rce7 30. Rae1 Kh8 31. Qd3 Bc8 32. Bxa6 Bf5 33. Bb5 Rxe4 34. Bxe8 Re5 35. Qb5 1-0

[Event "Rome City op 5th"]
[Site "Rome"]
[Date "2023.12.05"]
[Round "3"]
[White "Pacilli, Emanuele"]
[Black "Elgersma, Onno"]
[Result "0-1"]
[WhiteElo "2097"]
[BlackElo "2310"]
[PlyCount "60"]
[EventDate "2023.12.04"]
[EventType "swiss"]
[EventRounds "9"]
[EventCountry "ITA"]
[SourceTitle "CB50_2023"]
[SourceDate "2023.12.13"]
[SourceVersion "1"]
[SourceVersionDate "2023.12.13"]
[SourceQuality "1"]

1. e4 e6 2. d4 d5 3. Be3 dxe4 4. Nd2 Nf6 5. c3 b6 6. g4 Bb7 7. Bg2 Nbd7 8. g5 Nd5 9. Nxe4 Be7 10. Qg4 Qc8 11. Ne2 0-0 12. Rg1 c5 13. N2g3 g6 14. dxc5 Ne5 15. Qh4 Nd3+ 16. Kd2 Nxe3 17. Nf6+ Bxf6 18. Bxb7 Qxb7 19. gxf6 Rfd8 20. Qh6 Nf4+ 21. Kc1 Ne2+ 22. Nxe2 Nf5 23. Qf4 bxc5 24. Kc2 Rab8 25. b3 c4 26. b4 Qa6 27. Rg4 Qa4+ 28. Kb2 a5 29. Re1 axb4 30. Qxc4 bxc3+ 0-1

[Event "Abruzzo Region-ch"]
[Site "Cappelle sul Tavo"]
[Date "2013.05.26"]
[Round "7"]
[White "Pacilli, Emanuele"]
[Black "Di Gregorio, Romeo"]
[Result "1-0"]
[WhiteElo "2171"]
[BlackElo "1467"]
[PlyCount "62"]
[EventDate "2013.05.11"]
[EventType "swiss"]
[EventRounds "7"]
[EventCountry "ITA"]
[SourceTitle "EXT 2015"]
[Source "ChessBase"]
[SourceDate "2014.11.20"]
[SourceVersion "1"]
[SourceVersionDate "2014.11.20"]
[SourceQuality "1"]

1. e4 c5 2. Nf3 e6 3. d4 cxd4 4. Nxd4 a6 5. Nc3 b5 6. Bd3 Qb6 7. Be3 Bc5 8. Nce2 Nf6 9. c3 Ng4 10. b4 Nxe3 11. bxc5 Nxd1 12. cxb6 Nb2 13. Bc2 Bb7 14. a4 bxa4 15. Ra2 a3 16. Rxa3 Nc4 17. Ra4 d5 18. exd5 Bxd5 19. b7 Ra7 20. Nb5 axb5 21. Rxa7 0-0 22. Nd4 Nd6 23. f3 Bxb7 24. Bd3 Nc6 25. Rxb7 Nxd4 26. Rd7 N4f5 27. g4 Nh4 28. Rxd6 Nxf3+ 29. Ke2 Ne5 30. h3 Rc8 31. Bxb5 g6 1-0

[Event "Abruzzo Region-ch"]
[Site "Cappelle sul Tavo"]
[Date "2013.05.12"]
[Round "4"]
[White "Pacilli, Emanuele"]
[Black "Ramundi, Claudia"]
[Result "1-0"]
[WhiteElo "2171"]
[BlackElo "1581"]
[PlyCount "89"]
[EventDate "2013.05.11"]
[EventType "swiss"]
[EventRounds "7"]
[EventCountry "ITA"]
[SourceTitle "EXT 2015"]
[Source "ChessBase"]
[SourceDate "2014.11.20"]
[SourceVersion "1"]
[SourceVersionDate "2014.11.20"]
[SourceQuality "1"]

1. e4 e5 2. Nf3 Nc6 3. Bb5 d6 4. c3 Nf6 5. d3 Bd7 6. Nbd2 a6 7. Ba4 Be7 8. Nf1 b5 9. Bc2 Bc8 10. Ng3 Bb7 11. Nh4 Qd7 12. Nhf5 g6 13. Nh6 0-0-0 14. Nxf7 Rhf8 15. Nxd8 Qxd8 16. Bh6 Re8 17. h3 d5 18. Qe2 Bc5 19. a3 Qd7 20. Bg5 Ng8 21. exd5 Qxd5 22. Ne4 Bb6 23. Be3 Bxe3 24. Qxe3 Rf8 25. Qc5 Qd8 26. a4 bxa4 27. Rxa4 Nge7 28. Qa3 Qd5 29. 0-0 Kd8 30. Bb3 Qd7 31. Nc5 Qc8 32. Be6 Qa8 33. Nxa6 Bc8 34. Nb4 Qb7 35. Nxc6+ Qxc6 36. Bxc8 Kxc8 37. Ra8+ Kd7 38. Rxf8 Qd5 39. d4 e4 40. Re1 Nf5 41. Qc5 Qe6 42. d5 Qe5 43. Rxe4 Qd6 44. Qb5+ c6 45. Qb7+ 1-0

[Event "Porto San Giorgio op 14th"]
[Site "Porto San Giorgio"]
[Date "2002.08.20"]
[Round "1"]
[White "Rotstein, Arkadij"]
[Black "Pacilli, Emanuele"]
[Result "1-0"]
[WhiteElo "2557"]
[BlackElo "2142"]
[PlyCount "67"]
[EventDate "2002.08.20"]
[EventType "swiss"]
[EventRounds "9"]
[EventCountry "ITA"]
[SourceTitle "CBM 089 Extra"]
[Source "ChessBase"]
[SourceDate "2002.09.10"]
[SourceVersion "2"]
[SourceVersionDate "2002.09.10"]
[SourceQuality "1"]

1. c4 Nf6 2. Nf3 c5 3. d4 cxd4 4. Nxd4 Nc6 5. Nc3 g6 6. e4 d6 7. Be2 Bg7 8. Be3 0-0 9. 0-0 Nd7 10. Rc1 Nxd4 11. Bxd4 Ne5 12. f4 Nc6 13. Bxg7 Kxg7 14. Kh1 Qa5 15. a3 Bd7 16. e5 Be6 17. exd6 Rfd8 18. Nb5 exd6 19. b4 Qb6 20. Nxd6 Qa6 21. Rc3 Rxd6 22. Qxd6 Rd8 23. Qc5 Nd4 24. Bd3 b6 25. Qe5+ f6 26. Qe3 Qb7 27. Be4 Qf7 28. c5 b5 29. Rcc1 Bc4 30. Rfd1 Ne6 31. Rxd8 Nxd8 32. Rd1 Qc7 33. c6 Be6 34. Bf3 1-0